სასჯელაღსრულების სამართალი : (ბიბ.ჩანაწერი № 46165)
[ მარტივი ფორმატი ]
| 000 -ლიდერი | |
|---|---|
| ფიქსირებული სიგრძის საკონტროლო ველი | 01675nam a2200277Ia 4500 |
| 001 - საკონტროლო ნომერი | |
| საკონტროლო ველი | 12997 |
| 003 - საკონტროლო ნომრის იდენტიფიკატორი | |
| საკონტროლო ველი | GE_BSU |
| 005 - ბოლო ოპერაციის თარიღი და დრო | |
| საკონტროლო ველი | 20240830121345.0 |
| 008 - ფიქსირებული სიგრძის მონაცემთა ელემენტები - ზოგადი ინფორმაცია | |
| ფიქსირებული სიგრძის საკონტროლო ველი | 181216s2014||||ge |||||||||||||| ||geo|| |
| 020 ## - წიგნის საერთაშორისო სტანდარტული ნომერი | |
| International Standard Book Number | 9789941935466 |
| 040 ## - კატალოგიზაციის წყარო | |
| Transcribing agency | GE_BSU |
| 041 ## - ენის კოდი | |
| Language code of text/sound track or separate title | geo |
| 080 ## - უნივერსალური ათობითი კლასიფიკაციის ინდექსი | |
| Universal Decimal Classification number | 347.9(075.8) შ-19 |
| 100 ## - მთავარი ჩანაწერი - პიროვნების სახელი | |
| Personal name | შალიკაშვილი, მორის |
| 9 (RLIN) | 6791 |
| 245 ## - ცნობა სათაურის შესახებ | |
| Title | სასჯელაღსრულების სამართალი : |
| Remainder of title | (სახელმძღვ.) / |
| Statement of responsibility, etc | მორის შალიკაშვილი, გივი მიქანაძე, მაია (ზოია) ხასია. |
| 264 ## - წარმოების, გამოცემის, დისტრიბუციის და სხვა ცნობები | |
| გამოცემის, წარმოების, დისტრიბუციის... ადგილი | თბილისი : |
| გამოცემის, წარმოების, დისტრიბუციის... სახელწოდება | იურისტების სამყარო, |
| გამოცემის, წარმოების, დისტრიბუციის... თარიღი | 2014. |
| 300 ## - ფიზიკური აღწერა | |
| Extent | 516 გვ. ; |
| Dimensions | 20 სმ. |
| 500 ## - ზოგადი შენიშვნა | |
| General note | გამოცემულია ფონდ "ღია საზოგადოება - საქართველოს" ფინანსური მხარდაჭერით. თავფურცლის მე-2 გვ.: მე-4 ავტორი ანტონ ქელბაქიანი |
| 500 ## - ზოგადი შენიშვნა | |
| General note | თავფურცლის მე-2 გვ. : მე-4 ავტორი ანტონ ქელბაქიანი |
| 504 ## - BIBLIOGRAPHY, ETC. NOTE | |
| Bibliography, etc | ბიბლიოგრ. : გვ. 491-504 |
| 653 ## - INDEX TERM--UNCONTROLLED | |
| Uncontrolled term | სასჯელაღსრულების სამართალი |
| 653 ## - INDEX TERM--UNCONTROLLED | |
| Uncontrolled term | პატიმართა უფლებები |
| 700 ## - ADDED ENTRY--PERSONAL NAME | |
| Personal name | მიქანაძე, გ. (გივი) |
| Relator term | ავტორი |
| 9 (RLIN) | 23148 |
| 700 ## - ADDED ENTRY--PERSONAL NAME | |
| Personal name | ქელბაქიანი, ა. (ანტონ) |
| Relator term | ავტორი |
| 9 (RLIN) | 23149 |
| 942 ## - ADDED ENTRY ELEMENTS (KOHA) | |
| Koha item type | წიგნი |
| Source of classification or shelving scheme | |
| ჩამოწერის სტატუსი | დაკარგული ეგზემპლარის სტატუსი | კლასიფიკაციის წყარო ან თაროზე გაწყობის სქემა | დაზიანების სტატუსი | არ გაიცემა | მუდმივი მდებარეობა (დაცვის ადგილი) | ამჟამინდელი ადგილსამყოფელი | თაროზე განთავსების ადგილი | შეძენის თარიღი | სრული შენახვის შიფრი | შტრიხკოდი | ბოლო ოპერაციის თარიღი | ეგზემპლარის მიმდევრობითი ნომერი (კეტერი?) | ფასის ძალაში შესვლის თარიღი | ეგზემპლარის სახეობა |
|---|---|---|---|---|---|---|---|---|---|---|---|---|---|---|
| ბათუმის შოთა რუსთაველის სახელმწიფო უნივერსიტეტის მთავარი ბიბლიოთეკა | ბათუმის შოთა რუსთაველის სახელმწიფო უნივერსიტეტის მთავარი ბიბლიოთეკა | წიგნსაცავი | 2018-12-17 | 347.9(075.8) შ-19 | 27218 | 2018-12-17 | 27218 | 2018-12-17 | წიგნი |
